Oftalʹmokhirurgii͡a︡ Ophthalmosurgery /

Офтальмохирургия = Ophthalmosurgery /
Detalles Bibliográficos
Autores Corporativos: Vserossiĭskoe obshchestvo oftalʹmologov, MNTK "Mikrokhirurgii͡a︡ glaza.", Russian S.F.S.R. Ministerstvo zdravookhranenii͡a︡
Formato: Electrónico Revista
Lenguaje:ruso
inglés
Publicado: Moskva : [Vserossiĭskoe obshchestvo oftalʹmologov and MNTK "Mikrokhirurgii͡a︡ glaza"]
Materias:
Acceso en línea:Full text available from Research Library: 07/01/2012 to present

MARC

LEADER 00000nas a2200000 a 4500
001 ssj0000852186
003 WaSeSS
005 20200512172242.0
006 m d
007 cr n
008 911123c19899999ru qr p s 0 0rus
010 |a sn 91033561  
016 7 |a 009172264  |2 Uk 
016 7 |a 9114663  |2 DNLM 
022 |l 0235-4160  |y 0235-4160 
035 |a (WaSeSS)ssj0000852186 
040 |a NLM  |b eng  |c NLM  |d OCLCQ  |d UKMGB  |d OCLCQ  |d OCLCO  |d OCLCQ  |d STF  |d OCLCO  |d CUS  |d OCLCF  |d CUS  |d IUL  |d OCLCA  |d CUS  |d OCLCQ  |d NLM  |d OCLCO  |d OCLCA  |d WaSeSS 
041 0 |a rus  |a eng 
042 |a pcc 
050 1 4 |a RE80 
060 0 0 |a W1  |b OF825 
245 0 0 |6 880-01  |a Oftalʹmokhirurgii͡a︡  |h [electronic resource] =  |b Ophthalmosurgery /  |c Vserossiĭskoe obshchestvo oftalʹmologov [and] MNTK "Mikrokhirurgii͡a︡ glaza." 
246 3 1 |a Ophthalmosurgery 
260 |6 880-02  |a Moskva :  |b [Vserossiĭskoe obshchestvo oftalʹmologov and MNTK "Mikrokhirurgii͡a︡ glaza"] 
310 |a Quarterly 
362 1 |a Began with 1-2 in 1989. 
500 |6 880-03  |a At head of title: Ministerstvo zdravookhranenii͡a︡ RSFSR. 
506 |a License restrictions may limit access. 
546 |a In Russian with English translations. 
588 |a Description based on: 3-4, published in 1989. 
650 0 |a Eye  |x Diseases  |x Surgery  |v Periodicals. 
650 0 |a Microsurgery  |v Periodicals. 
650 7 |a Microsurgery.  |2 fast  |0 (OCoLC)fst01020124 
650 2 |a Eye Diseases  |x surgery. 
650 2 |a Microsurgery. 
655 0 |a Electronic journals. 
710 2 |6 880-04  |a Vserossiĭskoe obshchestvo oftalʹmologov. 
710 2 |6 880-05  |a MNTK "Mikrokhirurgii͡a︡ glaza." 
710 1 |6 880-06  |a Russian S.F.S.R.  |b Ministerstvo zdravookhranenii͡a︡. 
850 |a DNLM 
856 4 0 |z Full text available from Research Library: 07/01/2012 to present  |u https://search.proquest.com/publication/1936343 
880 0 0 |6 245-01/(N  |a Офтальмохирургия =  |b Ophthalmosurgery /  |c Всероссийское общество офтальмологов [and] МНТК "Микрохирургия глаза." 
880 |6 260-02/(N  |a Москва :  |b [Всероссийское общество офтальмологов and МНТК "Микрохирургия глаза"] 
880 |6 500-03/(N  |a At head of title: Министерство здравоохранения РСФСР. 
880 2 |6 710-04/(N  |a Всероссийское общество офтальмологов. 
880 2 |6 710-05/(N  |a МНТК "Микрохирургия глаза." 
880 1 |6 710-06/(N  |a Russian S.F.S.R.  |b Министерство здравоохранения.